[Event "Pontevedra op-B 10th"]
[Site "Pontevedra"]
[Date "2022.07.29"]
[Round "8.15"]
[White "Tribushnaya, Olga"]
[Black "Garcia Amor, Isidoro"]
[Result "1-0"]
[WhiteElo "1766"]
[BlackElo "1525"]
[PlyCount "73"]
[EventDate "2022.07.24"]
[EventType "swiss"]
[EventRounds "9"]
[EventCountry "ESP"]
[SourceTitle "EXT 2023"]
[Source "ChessBase"]
[SourceDate "2022.10.05"]
[SourceVersion "1"]
[SourceVersionDate "2022.10.05"]
[SourceQuality "1"]

1. e4 c6 2. d4 d5 3. Nc3 dxe4 4. Nxe4 Bf5 5. Ng3 Bg6 6. h4 h5 7. N1e2 Nf6 8. Nf4 Nbd7 9. Nxg6 fxg6 10. Bc4 Qa5+ 11. c3 0-0-0 12. Be6 Kb8 13. Bf4+ Ka8 14. 0-0 Nd5 15. Qf3 Nxf4 16. Qxf4 Nf6 17. b4 Qb6 18. a4 Nd5 19. Qf3 Qc7 20. b5 Qd6 21. Rfe1 Nc7 22. Qe4 Nxe6 23. Qxe6 Qxe6 24. Rxe6 cxb5 25. axb5 Rd5 26. b6 a6 27. Rxg6 Rh6 28. Rxh6 gxh6 29. Ne4 Rb5 30. Nc5 Bg7 31. Ne6 Rxb6 32. Nxg7 Rc6 33. Ra3 b5 34. Nxh5 Kb7 35. Nf4 Rc4 36. Nd5 e6 37. Nb4 1-0

[Event "Ferrol op 31th"]
[Site "Ferrol"]
[Date "2016.07.26"]
[Round "8"]
[White "Bustabad Rapa, Eusebio"]
[Black "Garcia Amor, Isidoro"]
[Result "1-0"]
[WhiteElo "1823"]
[BlackElo "1592"]
[PlyCount "43"]
[EventDate "2016.07.18"]
[EventType "swiss"]
[EventRounds "9"]
[EventCountry "ESP"]
[SourceTitle "EXT 2024"]
[Source "ChessBase"]
[SourceDate "2023.10.10"]
[SourceVersion "1"]
[SourceVersionDate "2023.10.10"]
[SourceQuality "1"]

1. d4 Nf6 2. c4 e6 3. Nf3 b6 4. Nc3 d5 5. Bg5 Be7 6. e3 Bb7 7. Bd3 Nbd7 8. 0-0 0-0 9. Rc1 c5 10. b3 Rc8 11. Qe2 cxd4 12. exd4 dxc4 13. bxc4 h6 14. Bh4 Nh5 15. Bxe7 Qxe7 16. g3 Nhf6 17. Ne5 Nxe5 18. dxe5 Nd7 19. Nb5 a6 20. Nd6 Rc7 21. Nxb7 Rxb7 22. Qe4 1-0